C Primer Plus /
Contenido: Introducción a C; Datos en C; Cadenas de caracteres y formateo entrada-salida; Operadores, expresiones y órdenes; C órdenes de control: colocación; C órdenes de control: ramificación y saltos; Caracterización entrada-salida y redirección; Funciones; Ordenes e indicadores; Cadenas de carac...
שמור ב:
| מחבר ראשי: | |
|---|---|
| פורמט: | ספר |
| שפה: | אנגלית |
| יצא לאור: |
Indianápolis, EUA :
Sams,
2002, c2002
|
| מהדורה: | 4a edición |
| נושאים: | |
| תגים: |
אין תגיות, היה/י הראשונ/ה לתייג את הרשומה!
|
MARC
| LEADER | 00000nam^a2200000^a^4500 | ||
|---|---|---|---|
| 001 | 000181277 | ||
| 005 | 20250521000000.0 | ||
| 009 | 20260310101926.05 | ||
| 020 | |a 0-672-32222-6 | ||
| 037 | |a Acervo ITESO - Biblioteca | ||
| 041 | |a ING | ||
| 082 | |a 005. 133 |b PRA | ||
| 100 | |a Prata, Stephen |e (autor) | ||
| 245 | 1 | 0 | |a C Primer Plus / |c S. Prata. |
| 250 | |a 4a edición | ||
| 264 | 4 | |a Indianápolis, EUA : |b Sams, |c 2002, c2002 | |
| 300 | |a XIX, 931 p. | ||
| 336 | |a texto |b txt |2 rdacontenido | ||
| 337 | |a sin mediación |b n |2 rdamedio | ||
| 338 | |a volumen |b nc |2 rdasoporte | ||
| 520 | |a Contenido: Introducción a C; Datos en C; Cadenas de caracteres y formateo entrada-salida; Operadores, expresiones y órdenes; C órdenes de control: colocación; C órdenes de control: ramificación y saltos; Caracterización entrada-salida y redirección; Funciones; Ordenes e indicadores; Cadenas de caracteres y de funciones; Clase de almacenamiento, acoplamiento y administración de la memoria; Archivos de entrada-salida; Estructuras y otras formas de datos; Manipulación de instrucciones en lenguaje máquina; Procesador y librería de C; Representación de datos avanzados. | ||
| 649 | |a XX | ||
| 650 | |a Programación (Software) | ||
| 650 | |a Lenguajes de Programación | ||
| 650 | |a Ingeniería Computacional | ||
| 910 | |a Fondo General | ||
| 920 | |a Impresos - Libros | ||
| 930 | |a Colección General | ||
| 905 | |a 101 | ||
| 901 | |a 0500120770 |b IT1 |c ACC |u 20250521 | ||
| 902 | |a https://opac.biblio.iteso.mx/vufind/Record/000181277 | ||